000 00506cam a22001217a 4500
008 180718b1963 xxu||||| |||| 00| 0 eng d
082 _aT217x54 N213
245 _aSanctioned capacities in engineering industries(up to the end of 1962)
_cby National Council of Applied Economic Research, India
260 _aNew Delhi
_bNational Council of Applied Economic Research
_c1963
300 _ax, 271p.
650 _aIndia --Manufactures --Directories
700 _aIndia. National Council of Applied Economic Research
999 _c375386
_d375386